El payaso triste / (Record no. 128758)

MARC details
000 -CABECERA
campo de control de longitud fija 00593nam a2200205 u 4500
005 - FECHA Y HORA DE LA ÚLTIMA TRANSACCIÓN
campo de control 20210223130458.0
008 - ELEMENTOS DE LONGITUD FIJA--INFORMACIÓN GENERAL
campo de control de longitud fija 080606s2003 r 000 0 eng d
020 ## - NÚMERO INTERNACIONAL NORMALIZADO PARA LIBROS
Número Internacional Estándar del Libro 849609636X
035 ## - NÚMERO DE CONTROL DEL SISTEMA
Número de control de sistema UPN01000156644
049 ## - COLECCIÓN
Colección I
050 #4 - SIGNATURA TOPOGRÁFICA DE LA BIBLIOTECA DEL CONGRESO
Número de clasificación GV1828
Número de documento/Ítem K3.6
100 1# - ASIENTO PRINCIPAL--NOMBRE PERSONAL
Nombre de persona Kaydeda, José María,
Fechas asociadas al nombre 1920-2006
9 (RLIN) 36134
245 13 - MENCIÓN DE TÍTULO
Título El payaso triste /
Mención de responsabilidad, etc. J. M. Kaydeda ; il. J. Font de Moré.
260 ## - PUBLICACIÓN, DISTRIBUCIÓN, ETC.
Lugar de publicación, distribución, etc. [Madrid?] :
Nombre del editor, distribuidor, etc. Instituto Monsa,
Fecha de publicación, distribución, etc. [2003?].
300 ## - DESCRIPCIÓN FÍSICA
Extensión [30] p. :
Otras características físicas il. col.
440 #0 - MENCIÓN DE SERIE/ASIENTO SECUNDARIO--TÍTULO
Título Sol
650 #4 - ASIENTO SECUNDARIO DE MATERIA - TERMINO TEMATICO
Término de materia o nombre geográfico como elemento de entrada PAYASOS
9 (RLIN) 11105
650 #4 - ASIENTO SECUNDARIO DE MATERIA - TERMINO TEMATICO
Término de materia o nombre geográfico como elemento de entrada CIRCO -
Subdivisión de forma LITERATURA JUVENIL
9 (RLIN) 9532
905 ## - TIPO DE MATERIAL
Tipo de material Infantil
Holdings
Estado de retiro Estado de pérdida Fuente del sistema de clasificación o colocación Estado dañado No para préstamo Código de colección Localización permanente Ubicación/localización actual Ubicación en estantería Fecha de adquisición Total de préstamos Clasificación Código de barras Fecha visto por última vez Número de copia Tipo de ítem Koha
    Library of Congress Classification   En proceso de revisión Infantil Bib. Gregorio Torres Quintero Bib. Gregorio Torres Quintero Sala infantil Planta baja 11/05/2023 2 GV1828 K3.6 259151 31/12/2020 1 Libro